[Event "POL-ch U15 Qual"]
[Site "Jastrzebia Gora"]
[Date "2021.11.19"]
[Round "7"]
[White "Racis, Michal"]
[Black "Cieply, Krzysztof"]
[Result "1/2-1/2"]
[WhiteElo "1820"]
[BlackElo "1487"]
[PlyCount "67"]
[EventDate "2021.11.15"]
[EventType "swiss"]
[EventRounds "9"]
[EventCountry "POL"]
[SourceTitle "EXT 2023"]
[Source "ChessBase"]
[SourceDate "2022.10.05"]
[SourceVersion "1"]
[SourceVersionDate "2022.10.05"]
[SourceQuality "1"]

1. d4 d5 2. Nf3 Nf6 3. c4 e6 4. Nc3 c6 5. g3 Be7 6. Bg2 0-0 7. 0-0 Nbd7 8. Re1 dxc4 9. a4 Bd6 10. Nd2 e5 11. Nxc4 Bc7 12. Be3 exd4 13. Qxd4 Nb6 14. Qxd8 Rxd8 15. Nxb6 Bxb6 16. Bxb6 axb6 17. b4 Be6 18. b5 Nd5 19. Nxd5 Bxd5 20. e4 Bb3 21. bxc6 bxc6 22. Rab1 Bxa4 23. Rxb6 Rab8 24. Ra6 Bb5 25. Ra2 g6 26. Rc2 Rd4 27. e5 Ba4 28. Rcc1 Rb2 29. Bxc6 Bxc6 30. Rxc6 Rdd2 31. Rf6 Re2 32. Ra1 Rb7 33. Ra5 Re7 34. Rf3 1/2-1/2

[Event "Bohumin op 2nd"]
[Site "Bohumin"]
[Date "2019.06.27"]
[Round "6"]
[White "Sebesta, Jan2222"]
[Black "Cieply, Krzysztof"]
[Result "1-0"]
[WhiteElo "1806"]
[BlackElo "1534"]
[PlyCount "59"]
[EventDate "2019.06.22"]
[EventType "swiss"]
[EventRounds "9"]
[EventCountry "CZE"]
[SourceTitle "CBM 191 Extra"]
[Source "ChessBase"]
[SourceDate "2019.09.30"]
[SourceVersion "1"]
[SourceVersionDate "2019.09.30"]
[SourceQuality "1"]

1. e4 c5 2. c3 d5 3. exd5 Qxd5 4. d4 Nc6 5. Nf3 Bg4 6. Nbd2 cxd4 7. cxd4 Nxd4 8. Qa4+ Bd7 9. Qxd4 Qe6+ 10. Qe4 Qb6 11. Bc4 Nf6 12. Qe3 Qc7 13. 0-0 e6 14. Bb3 Bd6 15. h3 0-0 16. Ne4 Nxe4 17. Qxe4 Bc6 18. Qe3 b6 19. Rd1 Bc5 20. Qf4 Qb7 21. Qg3 Kh8 22. Bd2 Rae8 23. Bc3 f6 24. Bd4 e5 25. Bxc5 bxc5 26. Rac1 Bxf3 27. Qxf3 Qb6 28. Rd7 e4 29. Qg3 g6 30. Qh4 1-0

[Event "Bohumin op 2nd"]
[Site "Bohumin"]
[Date "2019.06.22"]
[Round "1"]
[White "Cieply, Krzysztof"]
[Black "Tymrakiewicz, Rafal"]
[Result "0-1"]
[WhiteElo "1534"]
[BlackElo "2222"]
[PlyCount "108"]
[EventDate "2019.06.22"]
[EventType "swiss"]
[EventRounds "9"]
[EventCountry "CZE"]
[SourceTitle "CBM 191 Extra"]
[Source "ChessBase"]
[SourceDate "2019.09.30"]
[SourceVersion "1"]
[SourceVersionDate "2019.09.30"]
[SourceQuality "1"]

1. e4 c6 2. d4 d5 3. e5 c5 4. dxc5 e6 5. Be3 Ne7 6. c3 Nd7 7. Nf3 Nc6 8. Bb5 Qc7 9. Bd4 Nxc5 10. 0-0 Bd7 11. Nbd2 a6 12. Bxc6 bxc6 13. b4 Nb7 14. Nb3 c5 15. bxc5 Be7 16. Qd2 0-0 17. Qe3 Rfc8 18. Nfd2 Rab8 19. Rfc1 a5 20. Nf3 Nxc5 21. Nxc5 Bxc5 22. h3 Ba3 23. Re1 Bb2 24. Rab1 Qc4 25. Qg5 Ba4 26. Qd2 Ba3 27. Nh2 Rxb1 28. Rxb1 Bb5 29. Rb3 Bf8 30. Qb2 Ba6 31. Rb6 a4 32. a3 Qe2 33. Nf3 Qxb2 34. Rxb2 Bc4 35. Rb1 Bd3 36. Rb2 Bc4 37. Rb1 Ba2 38. Rb2 Bb3 39. Nd2 Bxa3 40. Rb1 Bc2 41. Ra1 Bb2 42. Ra2 a3 43. f3 Bd3 44. Kf2 Bxc3 45. Bxc3 Rxc3 46. Kg3 Kf8 47. Kf2 f6 48. f4 Ke7 49. Ke1 Kd7 50. Nf3 Bc4 51. Ra1 a2 52. Kd2 d4 53. Kd1 Kc7 54. Kd2 Kb6 0-1